00194nam a2200085Ia 4500008004100000100001300041245002400054260002100078260000900099170620s9999 xx 000 0 und d aBare act 0aIndian Evidence act bCentral Law Pub. c2000